Anything but Asia Quiz Stats

 Plays Quiz Updated Jan 13, 2016

Challenge
Share
Tweet
Embed
Score 0/180 Timer 02:00
22 Plays Today
% Correct
???
36.5%
???
36.4%
???
36.4%
???
36.4%
???
36.4%
???
36.3%
???
36.3%
???
36.3%
???
36.3%
???
36.2%
???
36.2%
???
36.2%
???
36.2%
???
36.2%
???
36.2%
???
36.2%
???
36.2%
???
36.2%
???
36.2%
???
36.2%
???
36.2%
???
36.1%
???
36.1%
???
36.1%
???
36.1%
???
36.1%
???
36.1%
???
36.1%
???
36.1%
???
36.1%
???
36.1%
???
36.1%
???
36.1%
???
36%
???
36%
???
36%
???
36%
???
36%
???
36%
???
36%
???
36%
???
36%
???
36%
???
36%
???
36%
???
36%
???
36%
???
36%
???
36%
???
36%
???
36%
???
36%
???
35.9%
???
35.9%
???
35.9%
???
35.9%
???
35.9%
???
35.9%
???
35.9%
???
35.9%
% Correct
???
35.9%
???
35.8%
???
35.8%
???
35.8%
???
35.8%
???
35.8%
???
35.8%
???
35.8%
???
35.8%
???
35.8%
???
35.8%
???
35.8%
???
35.8%
???
35.7%
???
35.7%
???
35.7%
???
35.7%
???
35.7%
???
35.7%
???
35.7%
???
35.7%
???
35.7%
???
35.7%
???
35.7%
???
35.7%
???
35.7%
???
35.7%
???
35.7%
???
35.7%
???
35.7%
???
35.6%
???
35.6%
???
35.6%
???
35.6%
???
35.6%
???
35.6%
???
35.5%
???
35.5%
???
35.5%
???
35.5%
???
35.5%
???
35.5%
???
35.5%
???
35.5%
???
35.5%
???
35.5%
???
35.4%
???
35.4%
???
35.4%
???
35.4%
???
35.4%
???
35.4%
???
35.4%
???
35.4%
???
35.3%
???
35.3%
???
35.3%
???
35.3%
???
35.3%
???
35.2%
% Correct
???
35.2%
???
35.2%
???
35.1%
???
35%
???
35%
???
35%
???
34.9%
???
34.9%
???
34.9%
???
34.9%
???
34.8%
???
34.8%
???
34.8%
???
34.8%
???
34.7%
???
34.7%
???
34.6%
???
34.6%
???
34.6%
???
34.4%
???
34.3%
???
34.3%
???
34.3%
???
34.2%
???
34.2%
???
34.2%
???
34.2%
???
34.2%
???
34.1%
???
34.1%
???
34.1%
???
34%
???
34%
???
34%
???
34%
???
34%
???
33.9%
???
33.9%
???
33.8%
???
33.8%
???
33.8%
???
33.7%
???
33.7%
???
33.6%
???
33.6%
???
33.6%
???
33.4%
???
33.3%
???
33.3%
???
33.2%
???
33.2%
???
33.2%
???
33%
???
32.9%
???
32.3%
???
31.6%
???
31.6%
???
30.1%
???
29.5%
???
27.6%

You're not logged in!

Compare scores with friends on all Sporcle quizzes.
Join for Free
OR
Log In

You Might Also Like...

Show Comments

Extras

Top Quizzes Today


Score Distribution

Your Account Isn't Verified!

In order to create a playlist on Sporcle, you need to verify the email address you used during registration. Go to your Sporcle Settings to finish the process.

Report this User

Report this user for behavior that violates our Community Guidelines.

Details: